000 00404nam a22001697a 4500
003 OSt
005 20211208100912.0
008 211208b |||||||| |||| 00| 0 eng d
020 _a1-4051-0675-1
040 _aDDC
_cHU
082 _26
_a616.2
_b9
100 _aBOURKE S. J.
_922040
245 _aRespiratory Medicine
250 _a6
260 _aUSA
_bBlackwell Publishing
_c2003
942 _2ddc
_cBOOKS
_n0
999 _c21751
_d21751